Southville International School and Colleges
Your cart is empty.
  • Cart
  • Lists
    Public lists Eva Luna New books Lux_list list_1
    Your lists Log in to create your own lists
  • Log in to your account
  • Your cookies
  • Search history
Southville International School and Colleges
  • Advanced search
  • Recent comments
  • Most popular
  • Libraries

Log in to your account

Log in with GOOGLE


If you do not have an external account, but do have a local account, you can still log in:

  1. Home
  2. MARC view: Purposive communication in the 21st century /
Normal view MARC view ISBD view

Purposive communication in the 21st century / (Record no. 363106)

[ view plain ]
MARC details
000 -LEADER
fixed length control field 00581nam a2200205Ia 4500
008 - FIXED-LENGTH DATA ELEMENTS--GENERAL INFORMATION
fixed length control field 191119s9999 xx 000 0 und d
020 ## - INTERNATIONAL STANDARD BOOK NUMBER
International Standard Book Number 978-621-406-139-6
050 ## - LIBRARY OF CONGRESS CALL NUMBER
Classification number FIL P 90
050 ## - LIBRARY OF CONGRESS CALL NUMBER
Item number .M34 2018
100 ## - MAIN ENTRY--PERSONAL NAME
Personal name Magan, Rhodora G.
245 #0 - TITLE STATEMENT
Title Purposive communication in the 21st century /
245 #0 - TITLE STATEMENT
Statement of responsibility, etc Rhodora G. Magan, Maria Cristina B. Nano, Charity T. Turano.
260 ## - PUBLICATION, DISTRIBUTION, ETC. (IMPRINT)
Place of publication, distribution, etc Philippines :
260 ## - PUBLICATION, DISTRIBUTION, ETC. (IMPRINT)
Name of publisher, distributor, etc Mindshapers,
260 ## - PUBLICATION, DISTRIBUTION, ETC. (IMPRINT)
Date of publication, distribution, etc 2018
300 ## - PHYSICAL DESCRIPTION
Extent 254 pages :
300 ## - PHYSICAL DESCRIPTION
Dimensions 26 cm.
500 ## - GENERAL NOTE
General note Includes bibliographic references.
650 ## - SUBJECT ADDED ENTRY--TOPICAL TERM
Topical term or geographic name as entry element Communication.
Holdings
Withdrawn status Lost status Damaged status Home library Current library Shelving location Date acquired Cost, normal purchase price Total Checkouts Full call number Barcode Date last seen Price effective from Koha item type
      South Mansfield College South Mansfield College Filipiniana Section 08/05/2019 425.00   FIL P 90 .M34 2018 SMC06241 06/01/2020 06/01/2020 Books

Purposive communication in the 21st century /

APA

Magan R. G., .Purposive communication in the 21st century. Philippines: .

Chicago

Magan Rhodora G, .Purposive communication in the 21st century. Philippines: .

Harvard

Magan R. G., .Purposive communication in the 21st century. Philippines: .

MLA

Magan Rhodora G, .Philippines: . .

  • Place hold
  • Print
  • Cite
  • Add to your cart (remove)
  • Save record
    BIBTEX Dublin Core MARCXML MARC (non-Unicode/MARC-8) MARC (Unicode/UTF-8) MARC (Unicode/UTF-8, Standard) MODS (XML) RIS
  • More searches
    Search for this title in:
    Other Libraries (WorldCat) Other Databases (Google Scholar) Online Stores (Bookfinder.com) Open Library (openlibrary.org)

Exporting to Dublin Core...

SOUTHVILLE LIBRARY

Southville International School and Colleges Library

1281 Tropical Ave. Cor. Luxembourg St., BF Homes International, Las Pinas City

Tel. No. 8256374 / 252358 Loc. 117/146

Powered by Koha